| 000 | 00944cab a22001935a 4500 | ||
|---|---|---|---|
| 001 | L158336 | ||
| 008 | 150112e20141206xxk 000 0 eng d | ||
| 035 | _a(Sirsi) u158336 | ||
| 041 | 0 | _aeng | |
| 100 | 1 | _aWaltham, Anne | |
| 245 | 0 | 0 | _aWill it ever see the light of day? |
| 260 | _c2015 | ||
| 490 |
_aEstates Gazette _v(1449) 6 December 2015, 82-84(3) |
||
| 520 | _aConsiders the main recommendations of the Law Commission's draft bill on rights to light which was published in February 2013 and examines if it achieves its stated goals which are to clarify the legal relationships between the different parties, simplify the law and make negotiation more efficient. Also debates whether any proposed reforms will ever be realised with a looming election and the fact that the recommendations are linked with an easements report. | ||
| 590 | _aKA | ||
| 651 | 4 |
_aEngland and Wales _y1543- |
|
| 690 |
_aRights of light _96267 |
||
| 942 | _n0 | ||
| 999 |
_c84566 _d84566 |
||